000 00877nam a2200205Ii 4500
003 JO-AjNU
008 230605s9999||||xx |||||||||||||| ||und||
017 _a2000/5287
040 _aJO-AjNU
_bara
_erda
_cJO-AjNU
041 _aara
050 1 4 _aBP190.5 2000
100 3 _aبقلم محمود، عبد الغني عبد الحميد؛ تقديم محمد سيد طنطاوي,
_eauthor
_947340
245 0 0 _aحماية ضحايا النزاعات المسلحة في القانون الانساني والشريعة الاسلامية
264 3 1 _aالقاهرة: اللجنة الدولية للصليب الاحمر، 2000
300 _a92ص
336 _atext
_btxt
_2rdacontent
337 _aunmediated
_bn
_2rdamedia
338 _avolume
_bnc
_2rdacarrier
650 4 _aضحايا النزاعات - القانون - ضحايا النزاعات - الاسلام
_947341
999 _aA20658
_c24226
_d24226